Top 10 des single de GIMS - Statistiques

Statistiques générales
  • Ce quiz a été pris 200 fois
  • Le résultat moyen est 3 sur 10
Statistiques - réponses
top Titre % Correct
3 Bella
83%
9 J'me tire
56%
1 Est ce que tu m'aime ?
48%
6 Sapés comme jamais
33%
7 Brisé
20%
8 Caméléon
20%
10 Tu vas me manquer
17%
2 Hola Senorita
13%
4 Best life
8%
5 Mi Gna
5%
Aucun quiz correspondant
Distribution des résultats
% des personnes avec chaque résultat
Percentile par nombre de réponses
Votre historique - résultats
Vous n’avez pas pris ce quiz